00521nam a22001697a 4500008003900000020001500039050002000054100001800074245007400092250001100166260004300177300002500220500002400245504002200269650002300291650003700314130809t sp ||||| |||| 00| spa0 d a157322514204aPN81 bB56 19951 aBloom, Harold14aThe western canon :bthe books and school of the ages /cHarold Bloom a1a ed. aNew York : :bRiverhead Books, c1995 ax, 546 p. ; c23 cm. aEdición en ingles aIncluye índice  4aCanon (Literatura) 4aLiteratura xHistoria y critica